00742nam a2200229Ia 45000010006000000050017000060070003000230080041000260400025000670410008000920820020001001000030001202450078001502500014002282600048002423000019002906530030003096530014003399420012003539520130003659990017004952660020240114000931.0ta060512s1926 g b000 u 465 u aCotton College,Assam a465 a823.9bSh 74 Sy aSholto Douglas, Nora I. . 0aSynopses of English Fiction /cNora I. Sholto Douglas.hTextual Documents a1st ed. / aLondon :bGeorge G Harrap & Co Ltd ,c1926. a392p. ;c22cm. aEnglish fiction-Criticism aG-English 2ddccBK 001040708Circulation (G)aSKBLbSKBLd2012-02-01f00000l0o823.9 Sh 74 Syp206.54r2024-01-14 00:00:00t1w2012-02-01yBK c26582d26582